[Event "Mont de Marsan op"]
[Site "Mont de Marsan"]
[Date "2005.12.27"]
[Round "3"]
[White "Gabard, Alexandre"]
[Black "Riballet, Jean Paul"]
[Result "1-0"]
[WhiteElo "1810"]
[BlackElo "1450"]
[PlyCount "89"]
[EventDate "2005.12.26"]
[EventType "swiss"]
[EventRounds "7"]
[EventCountry "FRA"]
[SourceTitle "CBM 110 Extra"]
[Source "ChessBase"]
[SourceDate "2006.03.10"]
[SourceVersion "2"]
[SourceVersionDate "2006.03.10"]
[SourceQuality "1"]

1. e4 e5 2. Nf3 d6 3. Bc4 Be7 4. Nc3 c6 5. a4 b6 6. d3 Bb7 7. 0-0 Bf6 8. Re1 Nd7 9. h3 g6 10. d4 Qe7 11. d5 Bg7 12. dxc6 Bxc6 13. Bd5 Rc8 14. Bxc6 Rxc6 15. Nd5 Qd8 16. b4 Ngf6 17. b5 Rc4 18. Qd3 Rc8 19. Nxf6+ Qxf6 20. Ba3 Nc5 21. Bxc5 Rxc5 22. Red1 0-0 23. Qxd6 Qxd6 24. Rxd6 Rxc2 25. Rd7 Ra8 26. Ng5 f6 27. Ne6 Bh6 28. a5 Rd2 29. Rxd2 Bxd2 30. axb6 axb6 31. Rxa8+ Kf7 32. Nd8+ Ke7 33. Nc6+ Kd6 34. Rh8 h6 35. Rg8 Kc5 36. Na7 Kd4 37. Rxg6 Kxe4 38. Rxf6 Ba5 39. Nc8 Kd5 40. Rxh6 Kc5 41. Nxb6 Kxb5 42. Nd7 e4 43. Rh5+ Kb4 44. Rxa5 Kxa5 45. h4 1-0

[Event "Mont de Marsan op"]
[Site "Mont de Marsan"]
[Date "2005.12.27"]
[Round "4"]
[White "Riballet, Jean Paul"]
[Black "Marni Sandid, Tarik"]
[Result "1/2-1/2"]
[WhiteElo "1450"]
[BlackElo "1720"]
[PlyCount "150"]
[EventDate "2005.12.26"]
[EventType "swiss"]
[EventRounds "7"]
[EventCountry "FRA"]
[SourceTitle "CBM 110 Extra"]
[Source "ChessBase"]
[SourceDate "2006.03.10"]
[SourceVersion "2"]
[SourceVersionDate "2006.03.10"]
[SourceQuality "1"]

1. e4 c5 2. Bc4 d6 3. Nf3 Nf6 4. Nc3 g6 5. d3 Bg7 6. 0-0 0-0 7. Re1 Nc6 8. h3 Na5 9. Rb1 Nxc4 10. dxc4 Be6 11. b3 Qc8 12. Ng5 Nd7 13. Nd5 Bxd5 14. cxd5 h6 15. Nf3 Kh7 16. c4 a6 17. h4 Nf6 18. Nh2 b5 19. e5 dxe5 20. Rxe5 Ra7 21. Re3 bxc4 22. bxc4 Rb7 23. Rbb3 Qd7 24. Rbd3 h5 25. Re1 Rfb8 26. Rb3 a5 27. Bg5 a4 28. Rb5 Rxb5 29. cxb5 Rxb5 30. Bxf6 Bxf6 31. Qxa4 Qb7 32. Qe4 Rb4 33. Qd3 Rd4 34. Qb3 Qxb3 35. axb3 Rxd5 36. Nf3 Rd3 37. Rb1 e5 38. Ng5+ Bxg5 39. hxg5 e4 40. Kf1 Rd5 41. b4 Rxg5 42. b5 Rd5 43. b6 Rd8 44. b7 Rb8 45. Ke2 f5 46. Ke3 Kg7 47. Kf4 Kf7 48. Ke5 Ke7 49. Kd5 c4 50. Kxc4 Kd7 51. Rb6 g5 52. Rb5 Ke6 53. Kd4 g4 54. Ke3 h4 55. Kf4 h3 56. gxh3 gxh3 57. Rxf5 Rxb7 58. Rh5 Rb2 59. Rxh3 Kd5 60. Rh1 Rxf2+ 61. Ke3 Rf3+ 62. Ke2 Kd4 63. Rh8 Ra3 64. Rd8+ Ke5 65. Re8+ Kf4 66. Rf8+ Kg3 67. Rg8+ Kf4 68. Rf8+ Kg5 69. Rg8+ Kf6 70. Re8 Kf5 71. Rf8+ Kg6 72. Re8 Ra4 73. Ke3 Kf5 74. Rf8+ Ke6 75. Rh8 Kf5 1/2-1/2